| 000 | 02044cam a22005294i 4500 | ||
|---|---|---|---|
| 003 | PE-LiUPU | ||
| 005 | 20250731165616.0 | ||
| 008 | 150706s r 000 0 d | ||
| 020 | _a9789995482503 | ||
| 035 | _a(Sirsi) i9789995482503 | ||
| 040 |
_aPE-LiUPU _bspa _cPE-LiUPU _erda |
||
| 049 | _aPRUA | ||
| 082 | 0 | 4 |
_a001.42 _bCh75 _221 |
| 100 | 1 |
_aChoque Medrano, Juan Wilfredo, _eautor. |
|
| 245 | 1 | 0 |
_aManual de estilo y formato : _bpara la presentación de trabajos académicos / _cJuan Wilfredo Choque Medrano. |
| 250 | _a1a ed. | ||
| 264 | 1 |
_aBolivia : _bUniversidad Adventista de Bolivia, _c2011. |
|
| 300 |
_a109 páginas : _bilustraciones ; _c28 cm. |
||
| 336 |
_atext _2rdacontent |
||
| 337 |
_aunmediated _2rdamedia |
||
| 338 |
_avolume _2rdacarrier |
||
| 504 | _aIncluye bibliografía. | ||
| 505 | 0 | _aLa investigación una labor académica -- El proceso de investigación -- La redacción en la investigación -- Diagramación del trabajo -- Presentación física de un trabajo de investigación -- Datos estadísticos -- Estilos de presentación de trabajos académicos. | |
| 526 | _aSEG44 | ||
| 526 | _aSEG26 | ||
| 526 | _aP151 | ||
| 526 | _aP150 | ||
| 526 | _aP149 | ||
| 526 | _aP146 | ||
| 526 | _aP145 | ||
| 526 | _aP126 | ||
| 526 | _aP125 | ||
| 526 | _aP92 | ||
| 526 | _aP75 | ||
| 526 | _aP74 | ||
| 526 | _aP27 | ||
| 526 | _aP15 | ||
| 650 | 0 | 4 |
_aInvestigación _vManual de estilo. |
| 650 | 0 | 4 | _aTesis. |
| 910 |
_agl _clch _d20131105 |
||
| 942 |
_2ddc _cBOOK |
||
| 949 |
_a001.42 CH75 _wDEWEY _c1 _i68430 _lCCODEBUL1 _mBUL _p15.00 _r0 _sY _tBOOK _u2015-7-6 _xBIBLIOTECA _zUNKNOWN _o.STAFF. Colección General |
||
| 994 |
_aC0 _bPEPRU |
||
| 596 | _a1 | ||
| 999 |
_a001.42 CH75 _wDEWEY _c55817 _i68430 _d55817 _e2016-3-29 _f2021-11-4 _g5 _lCCODEBUL1 _mBUL _n3 _p15.00 _r0 _sY _tBOOK _u2015-7-6 _xBIBLIOTECA _zUNKNOWN _0COMPRA _o.STAFF. Colección General |
||
| 980 |
_81 _gALBERTO SANCHEZ Responsable de Automatización |
||